| 000 | 00468cam a2200181 i 4500 | ||
|---|---|---|---|
| 005 | 20260616121709.0 | ||
| 020 | _a9798893310160 | ||
| 041 | _aENG | ||
| 082 |
_a658.4012 _bSET |
||
| 100 | 1 | _aGodin, Seth | |
| 245 | 1 | 0 |
_aThis is strategy : _bmake better plans / _cSeth Godin. |
| 260 |
_aNew York : _bAuthors Equity, _c2024. |
||
| 300 |
_avarious pages ; _c23 cm. |
||
| 650 | 0 | _aPlanning | |
| 650 | 0 | _aStrategic planning | |
| 650 | 0 | _aDecision making | |
| 942 |
_2ddc _cBK |
||
| 999 |
_c24351 _d24351 |
||